000 00841nam a2200241 4500
003 OSt
005 20240627025631.0
006 a
008 240627b |||||||| |||| 00| 0 eng d
020 _a9789746522250
040 _aDWCL-Main lib.
_cOC
082 _aRes. 021.7 F535b 2006
100 _aFisher, Patricia H.
245 _aBlueprint for your library marketing plan : a guide to help you survive and thrive /
260 _aChicago :
_bAmerican Library Association,
_cc2006.
300 _axi,
_b135 p. : ill. ;
_c28 cm.
504 _aIncludes bibliographical references & index.
650 _a1. Libraries-United States-Marketing.
650 _a2. Libraries-Public relations-United States.
650 _a3. Library planning-United States.
650 _a4. Strategic planning-United States.
942 _2ddc
_n0
_cBK-0 CIRC
_kRes.
999 _c1464
_d1464